000 01290cam a2200193 4500
001 ##L131147
008 051004n 000 0 eng u
035 _a(Sirsi) u131147
041 0 _aeng
050 0 4 _a333.72 $2 18
110 1 _aUnited Kingdom
_bDepartment for Environment, Food and Rural Affairs
245 0 0 _aNatural Environment and Rural Communities Bill
520 _aThe Natural Environment and Rural Communities Bill, published on 5 July 2005 in revised draft form, will create a new integrated agency - Natural England - to act as an independent and powerful guardian of the natural heritage in England and Wales. It will also formally establish a Commission for Rural Communities as an expert advisory body watching out for the interests of rural communities and people who are suffering from economic disadvantage and social exclusion. Lists the key elements of the Bill and other measures and provides the background to its development.
590 _aIKA111005
650 2 4 _aNATURAL ENVIRONMENT AND RURAL COMMUNITIES BILL
690 _aENVIRONMENTAL AND LAND CONSULTANCY-ENVIRONMENTAL MANAGEMENT-ENVIRONMENTAL CONSERVATION
856 4 0 _uhttps://www.defra.gov.uk/rural/ruraldelivery/bill/default.htm
_zView the website free of charge at www.defra.gov.uk...
942 _n0
999 _c120468
_d120468